000 00813cam a2200265 i 4500
001 bg
003 KOSZ 005
005 20191015115052.0
008 070620s1969 pl a f f |000 0 pol
015 _aPB 1969/6439
040 _aWA N
_cKOSZ 005/HR
_dKOSZ 005/HR
080 _a624.15
080 _a(07)
100 1 _aPiętkowski, Radzimir
_d(1888-1970)
_eAutor
245 1 0 _aFundamentowanie /
_cRadzimir Piętkowski.
250 _aWyd. 3 popr. i uzup.
260 _aWarszawa :
_bArkady,
_c1969.
300 _a499, [1] s. :
_bil. ;
_c23 cm.
504 _aBibliogr.
655 4 _aPodręcznik
650 4 _aFundamenty
710 2 _aWydawnictwo "Arkady".
_4pbl.
856 _uhttp://koha.tu.koszalin.pl/cgi-bin/koha/opac-detail.pl?biblionumber=10424
_yKatalog online BPK
942 _2UKD
_cKS
999 _c10424
_d10424